| 000 | 00818nam a2200277 4500 | ||
|---|---|---|---|
| 001 | 2021 | ||
| 010 | _a9789895835201 | ||
| 021 |
_aPT _b546847/25 |
||
| 090 | _a2021 | ||
| 100 | _a20251216d2025 m||y0pory50030103ba | ||
| 101 | _apor | ||
| 102 | _aPT | ||
| 200 |
_aAs cuecas ao sol _fRegina Rodríguez Sirvent _gtrad. Rita Custódio, Àlex Tarradellas |
||
| 205 | _a1ª edição | ||
| 210 |
_aLisboa _cSuma de Letras _d2025 |
||
| 215 |
_a446 p. _d23 cm |
||
| 300 | _aBMB-Registado | ||
| 304 | _aTít. orig.: Les calces al sol | ||
| 606 |
_9819 _aLiteratura Espanhola |
||
| 606 |
_9779 _aRomance |
||
| 675 |
_a821.134.2-31 _vBMB _zpor |
||
| 700 |
_aRodríguez Sirvent _bRegina _f1983- _92893 |
||
| 702 |
_aCustódio _bRita _f1980- _4730 _92739 |
||
| 702 |
_aTarradellas _bAlex _f1982- _4730 _92740 |
||
| 801 |
_aPT _bBMB _gRPC |
||
| 990 | _cLIVROS | ||